Science Quiz

Random Science or Clickable Quiz

Melanoma and therapies Quiz Stats

 Plays Quiz not verified by Sporcle

Score 0/29 Timer 18:00
0 Plays Today
% Correct
Status of sentinel lymph nodes
87.2%
Vitiligo
86.2%
Albinism
85.1%
Halo nevus
83%
Parakeratosis
83%
Acantholysis
80.9%
Spongiosis
80.9%
PTEN
79.8%
Ulceration
78.7%
Erosion
78.7%
CDKN2A (p16)
76.6%
Dysplastic nevus
75.5%
Hyperkeratosis
75.5%
BRAF
74.5%
Lentigo
74.5%
% Correct
Dyskeratosis
74.5%
Ephelis (Freckle)
73.4%
Congenital melanocytic nevus
70.2%
Confluence
69.1%
Pagetoid
68.1%
ipilimumab
66%
C-KIT
64.9%
Spindle and epithelioid cell nevus (Spitz)
64.9%
Trametinib
62.8%
nivolumab and pembrolizumab
60.6%
Blue nevus
60.6%
Acanthosis
60.6%
Nevocellular Melanocytic Nevus
58.5%
Vemurafenib and Dabrafenib
56.4%

You're not logged in!

Compare scores with friends on all Sporcle quizzes.
OR
Log In

Sporcle TV

Today on Sporcle TV


Watch our educational content, quiz creation guides, and fun videos on Sporcle TV.

Show Comments

Extras

Created Aug 27, 2017ReportNominate
Tags:Clickable Quiz, therapy

Top Quizzes Today


Score Distribution

Your Account Isn't Verified!

In order to create a playlist on Sporcle, you need to verify the email address you used during registration. Go to your Sporcle Settings to finish the process.

Report this User

Report this user for behavior that violates our Community Guidelines.

Details: